Análisis dofa del área de cirugia y central de esterilización del hospital naval de Cartagena en el ii periodo del año 2025 / (Registro nro. 50262)
[ vista simple ]
| 000 -LEADER | |
|---|---|
| fixed length control field | 02020nam a2200229 4500 |
| 005 - DATE AND TIME OF LATEST TRANSACTION | |
| control field | 20251212125046.0 |
| 008 - FIXED-LENGTH DATA ELEMENTS--GENERAL INFORMATION | |
| fixed length control field | 190415s2025 000 0 eng d |
| 040 ## - CATALOGING SOURCE | |
| Original cataloging agency | CO-CtgCURN |
| Language of cataloging | spa |
| Transcribing agency | coctgcurn |
| 082 0# - DEWEY DECIMAL CLASSIFICATION NUMBER | |
| Classification number | INQ 2025 |
| Item number | B114 |
| 100 1# - MAIN ENTRY--PERSONAL NAME | |
| Personal name | Babilonia Imitola, Stefania Dayan. |
| 245 10 - TITLE STATEMENT | |
| Title | Análisis dofa del área de cirugia y central de esterilización del hospital naval de Cartagena en el ii periodo del año 2025 / |
| Statement of responsibility, etc. | Stefania Dayan Babilonia Imitola; Asesores: Stephanye Carrillo González; Claudia Patricia Romero Escobar. |
| 260 ## - PUBLICATION, DISTRIBUTION, ETC. | |
| Place of publication, distribution, etc. | Cartagena de Indias : |
| Name of publisher, distributor, etc. | Corporación Universitaria Rafael Nuñez, |
| Date of publication, distribution, etc. | 2025. |
| 300 ## - PHYSICAL DESCRIPTION | |
| Extent | 32 hojas. |
| 504 ## - BIBLIOGRAPHY, ETC. NOTE | |
| Bibliography, etc. note | Trabajo de grado (Instrumentación quirúrgica). Corporación Universitaria Rafael Nuñez. Facultad de Ciencias de la Salud. Instrumentación Quirúrgica, 2025. |
| 520 ## - SUMMARY, ETC. | |
| Summary, etc. | "La práctica social se encuentra contemplada dentro del reglamento de opciones de grado de la Corporación Universitaria Rafael Núñez, como una opción que tiene el estudiante para obtener el título de Instrumentador quirúrgico, consiste en una práctica programada en IPS (Instituciones Prestadoras De Salud) de la cuidad, públicas o privadas en el segundo y tercer nivel de atención en salud, en las cuales el estudiante aplica las competencias asistenciales, administrativas, pedagógicas, investigativas y comunitarias de su formación, en donde presenta un informe final sobre la labor realizada de acuerdo a las pautas que establece el comité de Proyección Social/ Prácticas del programa." |
| 650 #0 - SUBJECT ADDED ENTRY--TOPICAL TERM | |
| Topical term or geographic name entry element | Instrumentación quirúrgica |
| Form subdivision | Tesis y disertaciones academicas. |
| 700 1# - ADDED ENTRY--PERSONAL NAME | |
| Personal name | Carrillo González, Stephanye, |
| Relator term | Asesor. |
| 700 1# - ADDED ENTRY--PERSONAL NAME | |
| Personal name | Romero Escobar, Claudia Patricia, |
| Relator term | Asesor. |
| 856 ## - ELECTRONIC LOCATION AND ACCESS | |
| Uniform Resource Identifier | <a href="https://unicurn.sharepoint.com/:b:/s/biblioteca/IQAJiJbcL7G4RLoA55jw_XdFATrGke2Z4XnXOmBcN9DR-8c?e=PogHSj">https://unicurn.sharepoint.com/:b:/s/biblioteca/IQAJiJbcL7G4RLoA55jw_XdFATrGke2Z4XnXOmBcN9DR-8c?e=PogHSj</a> |
| Public note | Click aqui para ver el recurso en texto completo |
| 942 ## - ADDED ENTRY ELEMENTS (KOHA) | |
| Source of classification or shelving scheme | Dewey Decimal Classification |
| Koha item type | Trabajos de grado |
| Classification part | INQ 2025 |
| Item part | B114 |
| Withdrawn status | Lost status | Source of classification or shelving scheme | Damaged status | Not for loan | Collection | Home library | Current library | Shelving location | Date acquired | Source of acquisition | Cost, normal purchase price | Inventory number | Total checkouts | Full call number | Barcode | Date last seen | Price effective from | Koha item type |
|---|---|---|---|---|---|---|---|---|---|---|---|---|---|---|---|---|---|---|
| Dewey Decimal Classification | Trabajos de grado | Miguel Henríquez Emiliani | Miguel Henríquez Emiliani | Trabajo de grado | 06/01/2019 | El autor | 350000.00 | 025693 | INQ 2025 B114 | 025693 | 06/20/2019 | 06/20/2019 | Trabajos de grado |